Business law and practice 2011/2012 (Record no. 113153)
[ view plain ]
| 000 -LEADER | |
|---|---|
| fixed length control field | 03364cam a22002655a 4500 |
| 001 - CONTROL NUMBER | |
| control field | L154786 |
| 008 - FIXED-LENGTH DATA ELEMENTS--GENERAL INFORMATION | |
| fixed length control field | 120119s2011 xxk f 000 0 eng d |
| 020 ## - INTERNATIONAL STANDARD BOOK NUMBER | |
| International Standard Book Number | 9781908604132 |
| 035 ## - SYSTEM CONTROL NUMBER | |
| System control number | (Sirsi) u154786 |
| 041 0# - LANGUAGE CODE | |
| Language code of text/sound track or separate title | eng |
| 100 1# - MAIN ENTRY--PERSONAL NAME | |
| Personal name | Mavrikakis, Alexis |
| 245 00 - TITLE STATEMENT | |
| Title | Business law and practice 2011/2012 |
| Medium | [electronic resource] |
| 260 ## - PUBLICATION, DISTRIBUTION, ETC. | |
| Place of publication, distribution, etc. | London |
| Name of publisher, distributor, etc. | College of Law |
| Date of publication, distribution, etc. | 2011 |
| 300 ## - PHYSICAL DESCRIPTION | |
| Extent | eBook |
| 505 2# - FORMATTED CONTENTS NOTE | |
| Formatted contents note | Part I Starting a business -- Chapter 1 The different types of business -- Chapter 2 Introduction to the company -- Chapter 3 How to set up a company -- Chapter 4 The company's constitution -- Chapter 5 The company's shareholders -- Chapter 6 Officers of the company -- Chapter 7 Controls on directors -- Chapter 8 Company decision-making -- Chapter 9 Financing a company i ? shares -- Chapter 10 Financing a company ii ? debt -- Chapter 11 Taking security -- Chapter 12 Public companies -- Part III Running a business in partnership -- Chapter 13 The start of a partnership -- Chapter 14 The partnership agreement -- Chapter 15 Partners' responsibilities -- Chapter 16 Liability for the firm's debts -- Chapter 17 Dissolution -- Chapter 18 Limited liability partnerships -- Part III Summary ? Running a Business in Partnership Part IV Insolvency -- Chapter 19 Corporate insolvency -- Chapter 20 Personal insolvency -- Part IV Summary ? Insolvency Part V Taxation -- Chapter 21 Calculation of trading profits of a business -- Chapter 22 Taxation of companies i corporation tax -- Chapter 23 Taxation of companies ii ? special provisions relating to companies -- Chapter 24 Taxation of sole traders -- Chapter 25 Taxation of partnerships -- Chapter 26 Taxation of employees and directors -- Chapter 27 Taxation of savings and investment income -- Chapter 28 Business reliefs from cgt and iht available to individuals -- Chapter 29 Tax considerations in choice of medium -- Part V Summary ? Taxation Part VI Conversion -- Chapter 30 Conversion and the immediate implications -- Part VII Some aspects of trading -- Chapter 31 Sale of goods -- Chapter 32 Employment and other regulatory concerns in running a business -- Chapter 33 Introduction to agency and distribution agreements -- Chapter 34 Choosing a marketing agreement -- Chapter 35 Competition law -- Appendix 1 Company forms -- (A) Form IN01 ? Application to register a company -- (B) Form AP03 ? Appointment of secretary -- (C) Form AP04 ? Appointment of corporate secretary -- (D) Form TM02 ? Termination of appointment of secretary -- (E) Form AP01 ? Appointment of director -- (F) Form AP02 ? Appointment of corporate director -- (G) Form TM01 ? Termination of appointment of director -- H) ( Form AR01 ? Annual return -- Appendix 2 Company documents -- (A) Memorandum of association (CA 2006) -- (B) Certificate of incorporation of a private limited company -- (C) Memorandum of association (CA 1985) -- Appendix 3 Joint ventures -- Appendix 4 Company accounts |
| 520 ## - SUMMARY, ETC. | |
| Summary, etc. | Supersedes 2010/2011 edition (ISBN: 9781907624049) |
| 590 ## - LOCAL NOTE (RLIN) | |
| Local note | ka |
| 650 24 - SUBJECT ADDED ENTRY--TOPICAL TERM | |
| Topical term or geographic name entry element | EBOOK |
| 651 #4 - SUBJECT ADDED ENTRY--GEOGRAPHIC NAME | |
| Geographic name | ENGLAND AND WALES |
| 690 ## - LOCAL SUBJECT ADDED ENTRY--TOPICAL TERM (OCLC, RLIN) | |
| Topical term or geographic name as entry element | Management consultancy |
| 9 (RLIN) | 6255 |
| 700 1# - ADDED ENTRY--PERSONAL NAME | |
| Personal name | Morris, Christopher |
| 700 1# - ADDED ENTRY--PERSONAL NAME | |
| Personal name | Longshaw, Alexis |
| 856 40 - ELECTRONIC LOCATION AND ACCESS | |
| Uniform Resource Identifier | <a href="https://www.vlebooks.com/">https://www.vlebooks.com/</a> |
| Public note | View on VLEbooks. Logins for members only from [email protected] |
| 942 ## - ADDED ENTRY ELEMENTS (KOHA) | |
| Suppress in OPAC | 0 |
| Withdrawn status | Lost status | Source of classification or shelving scheme | Damaged status | Not for loan | Home library | Current library | Shelving location | Date acquired | Total Checkouts | Full call number | Barcode | Date last seen | Copy number | Price effective from | Koha item type |
|---|---|---|---|---|---|---|---|---|---|---|---|---|---|---|---|
| Dewey Decimal Classification | Virtual | Virtual | Online | 18/01/2012 | EBOOK | 154786-2001 | 06/08/2019 | 1 | 06/08/2019 | Book |